000 00362nam a2200157Ia 4500
005 20250425160814.0
008 250425s9999 xx 000 0 und d
041 _aspa
082 _a535.84
245 0 _aANALISIS ESPECTRAL; SEMINARIO SEPTIEMBRE 19
250 _aS.E.
260 _aS.L.
260 _aSin Pais
_bESPOL
_c1977
942 _c01
010 _a5694
999 _c196499
_d196499